[Event "AUTO-ADV-3025"]
[Site "http://www.queenalice.com/game.php?id=1238487"]
[Date "2013.12.8"]
[Round "1"]
[White "Joe_Boyd"]
[Black "heidy"]
[Result "0-1"]
[WhiteElo "1802"]
[BlackElo "1973"]

1. e4 Nf6 2. e5 Nd5 3. c4 Nb6 4. d4 d6 5. f4 Nc6 6. Nf3 Bg4 7. Be3 dxe5 8. dxe5
Qxd1+ 9. Kxd1 O-O-O+ 10. Nd2 Bxf3+ 11. gxf3 Nd4 12. Bxd4 Rxd4 13. Kc2 Rxf4 14.
Bd3 e6 15. a3 Bc5 16. Rhe1 Rh4 17. Re2 Rd8 18. Ne4 Bd4 19. Rd1 Bxe5 20. Ng5 Nxc4
21. Nxf7 Rd5 22. Ng5 Nxb2 23. Nxe6 Nxd1 24. Bf5 Rxh2 25. Rxh2 Ne3+ 0-1

[Event "AUTO-ADV-3025"]
[Site "http://www.queenalice.com/game.php?id=1238502"]
[Date "2013.12.8"]
[Round "1"]
[White "Joe_Boyd"]
[Black "Pomerode"]
[Result "0-1"]
[WhiteElo "1856"]
[BlackElo "2126"]

1. e4 c5 2. Nc3 a6 3. d3 e6 4. f4 b5 5. Nf3 Bb7 6. Be2 Be7 7. O-O d6 8. Qe1 Nd7
9. Qg3 g6 10. f5 Ngf6 11. Ng5 e5 12. fxg6 hxg6 13. Ne6 Qb6 14. Ng5 Qd8 15. Nd5
Bxd5 16. exd5 Nf8 17. c4 N8h7 18. Nxh7 Rxh7 19. Bd2 Nh5 20. Qe3 bxc4 21. dxc4
Rb8 22. b3 Rb7 23. Bxh5 Rxh5 24. Qf3 Bg5 25. Bc3 f6 26. h3 Bf4 27. Rae1 Re7 28.
Re4 Kf7 29. g3 f5 30. gxf4 fxe4 31. Qxe4 Rxh3 32. fxe5+ Kg8 33. Bb2 Rh6 34. Rf6
dxe5 35. Bc1 Reh7 36. Bg5 Rh1+ 37. Qxh1 Rxh1+ 38. Kxh1 Qa5 39. d6 Qxa2 40. d7
Qb1+ 41. Kg2 Qe4+ 42. Kg3 Qd3+ 43. Kh4 Qxd7 44. Rxg6+ Kf7 45. Rxa6 Qd4+ 46. Kg3
Qg1+ 47. Kh4 Qd4+ 48. Kh5 Qd1+ 49. Kh4 Qxb3 50. Ra7+ Kg6 51. Ra6+ Kf5 52. Rf6+
Ke4 0-1

[Event "AUTO-ADV-3025"]
[Site "http://www.queenalice.com/game.php?id=1238503"]
[Date "2013.12.8"]
[Round "1"]
[White "Pomerode"]
[Black "Joe_Boyd"]
[Result "1-0"]
[WhiteElo "2101"]
[BlackElo "1848"]

1. a4 e5 2. a5 Nf6 3. e3 Be7 4. c3 O-O 5. Na3 c6 6. Nc2 d5 7. Nf3 Bg4 8. Be2
Nbd7 9. h3 Bxf3 10. Bxf3 e4 11. Be2 Ne5 12. f4 Ng6 13. Nd4 Nd7 14. O-O f5 15.
Ne6 Qe8 16. Nxf8 Ndxf8 17. b4 Nh4 18. g3 Nhg6 19. d4 h6 20. b5 Nh7 21. c4 Nf6
22. Ba3 Kh7 23. bxc6 bxc6 24. Bxe7 Qxe7 25. c5 Rg8 26. Rb1 Nf8 27. a6 g5 28. Rb7
N8d7 29. Kh2 Kh8 30. Rxa7 Qe8 31. Rc7 h5 32. Rxc6 gxf4 33. Bxh5 fxg3+ 34. Kg2
Qf8 35. Rxf5 Qg7 36. Qf1 Qh6 37. Rfxf6 Qxe3 38. Rh6+ 1-0

[Event "AUTO-ADV-3025"]
[Site "http://www.queenalice.com/game.php?id=1238504"]
[Date "2013.12.8"]
[Round "1"]
[White "Joe_Boyd"]
[Black "tewald"]
[Result "1-0"]
[WhiteElo "1739"]
[BlackElo "1947"]

1. e4 d6 2. d4 Nf6 3. Bd3 g6 4. Nf3 Bg7 5. O-O O-O 6. c4 e5 7. dxe5 dxe5 8. Nxe5
Nxe4 9. Bxe4 Bxe5 10. Qc2 Qh4 11. g3 Qf6 12. Nd2 Nc6 13. Rb1 Nd4 14. Qd3 c5 15.
Nf3 Nxf3+ 16. Qxf3 Rb8 17. b3 b6 18. Bh6 Re8 19. h4 Qxf3 20. Bxf3 Bf5 21. Rbd1
Bg7 22. Bf4 Rbd8 23. Rfe1 Rxe1+ 24. Rxe1 h6 25. Bd5 Kf8 26. Kg2 Bc3 27. Bxh6+
Kg8 28. Re7 Rxd5 29. cxd5 1-0

[Event "AUTO-ADV-3025"]
[Site "http://www.queenalice.com/game.php?id=1238505"]
[Date "2013.12.8"]
[Round "1"]
[White "tewald"]
[Black "Joe_Boyd"]
[Result "0-1"]
[WhiteElo "1923"]
[BlackElo "1763"]

1. e4 e6 2. d4 d5 3. e5 c5 4. c3 Nc6 5. Nf3 Qb6 6. b3 Nge7 7. Be2 Nf5 8. Bb2 Be7
9. O-O O-O 10. g4 Nh6 11. h3 f5 12. g5 Nf7 13. h4 g6 14. Kh1 Bd7 15. Na3 cxd4
16. cxd4 Kg7 17. Rg1 h6 18. gxh6+ Kxh6 19. Bc1+ Kg7 20. Rg2 Rh8 21. Rh2 Qd8 22.
Qg1 Bxh4 23. Nxh4 Rxh4 24. Rxh4 Qxh4+ 25. Kg2 Nxd4 26. Kf1 Nxe2 27. Kxe2 Nxe5
28. Bg5 Qe4+ 29. Kf1 Bc6 30. Rc1 Qd3+ 31. Kg2 d4+ 32. Rxc6 Qf3+ 33. Kf1 bxc6 34.
Ke1 Qd3 0-1

[Event "AUTO-ADV-3055"]
[Site "http://www.queenalice.com/game.php?id=1249260"]
[Date "2014.1.18"]
[Round "1"]
[White "Zodiac"]
[Black "Joe_Boyd"]
[Result "0-1"]
[WhiteElo "1839"]
[BlackElo "1812"]

1. e4 e6 2. d4 d5 3. Nc3 c5 4. exd5 exd5 5. Bb5+ Nc6 6. b3 Be6 7. Nf3 Nf6 8. Bg5
Be7 9. Bxf6 Bxf6 10. Qd3 O-O 11. O-O Nxd4 12. Nxd4 Bxd4 13. Rad1 Bxc3 14. Qxc3
b6 15. Qf3 Qg5 16. Bc6 Rad8 17. c4 d4 18. Be4 Bg4 19. Qg3 f5 20. Bd5+ Rxd5 21.
cxd5 f4 22. h4 fxg3 23. hxg5 gxf2+ 0-1

[Event "AUTO-ADV-3055"]
[Site "http://www.queenalice.com/game.php?id=1249261"]
[Date "2014.1.18"]
[Round "1"]
[White "Joe_Boyd"]
[Black "Zodiac"]
[Result "1-0"]
[WhiteElo "1793"]
[BlackElo "1858"]

1. e4 e5 2. f4 exf4 3. Nf3 g5 4. Bc4 g4 5. Ne5 Qh4+ 6. Kf1 Nh6 7. d4 d6 8. Nd3
Bg7 9. Nxf4 Bxd4 10. Qxd4 Rg8 11. g3 Qe7 12. Kg2 a6 13. Nd5 Qd8 14. Bxh6 1-0

[Event "AUTO-ADV-3055"]
[Site "http://www.queenalice.com/game.php?id=1249274"]
[Date "2014.1.18"]
[Round "1"]
[White "mitsho"]
[Black "Joe_Boyd"]
[Result "1-0"]
[WhiteElo "1850"]
[BlackElo "1840"]

1. d4 e6 2. c4 Nf6 3. Nf3 b6 4. g3 Bb7 5. Bg2 c5 6. d5 d6 7. Nc3 Be7 8. O-O O-O
9. e4 Nbd7 10. dxe6 fxe6 11. Ng5 e5 12. Ne6 Qe8 13. Nxf8 Qxf8 14. Nd5 Nxd5 15.
exd5 Qf6 16. f4 Qg6 17. Qe2 Re8 18. Bh3 Nf6 19. fxe5 Qe4 20. Qxe4 Nxe4 21. Bf4
dxe5 22. Bxe5 Bg5 23. Bf4 Bxf4 24. Rxf4 Nd2 25. Be6+ Kh8 26. Rd1 1-0

[Event "AUTO-ADV-3055"]
[Site "http://www.queenalice.com/game.php?id=1249275"]
[Date "2014.1.18"]
[Round "1"]
[White "Joe_Boyd"]
[Black "mitsho"]
[Result "1/2-1/2"]
[WhiteElo "1794"]
[BlackElo "1897"]

1. e4 c5 2. Nc3 Nc6 3. Bc4 e6 4. f4 a6 5. d3 b5 6. Bb3 Nd4 7. Nge2 Nxb3 8. axb3
Bb7 9. O-O Nf6 10. Ng3 Be7 11. f5 O-O 12. Nh5 g6 13. Nxf6+ Bxf6 14. Qg4 d5 15.
fxg6 hxg6 16. Bh6 Bg7 17. Bxg7 Kxg7 18. e5 Rh8 19. Rf6 Qe7 20. Raf1 Raf8 21.
R1f3 d4 22. Ne4 Bxe4 23. Qxe4 Qc7 24. Qf4 a5 25. g4 a4 26. bxa4 bxa4 27. g5 Rh7
28. Kg2 Kg8 29. Kg3 Rb8 30. Qe4 Rxb2 31. h4 Qb7 32. Qf4 Rxc2 33. Rxg6+ Rg7 34.
Rh6 a3 35. g6 a2 36. Kh3 Qxf3+ 37. Qxf3 Rxg6 38. Rxg6+ fxg6 39. Qa8+ Kf7 40.
Qb7+ Ke8 1/2-1/2

[Event "AUTO-ADV-3055"]
[Site "http://www.queenalice.com/game.php?id=1249282"]
[Date "2014.1.18"]
[Round "1"]
[White "Antero"]
[Black "Joe_Boyd"]
[Result "0-1"]
[WhiteElo "1803"]
[BlackElo "1812"]

1. e4 e6 2. d4 d5 3. e5 c5 4. c3 Nc6 5. Be3 Nge7 6. Nd2 Nf5 7. Ngf3 Nxe3 8. fxe3
Be7 9. Be2 O-O 10. O-O f6 11. c4 fxe5 12. Nxe5 Nxe5 13. dxe5 Rxf1+ 14. Bxf1 Qc7
15. Qh5 h6 16. cxd5 exd5 17. b3 Bg5 18. Nf3 Bxe3+ 19. Kh1 Qf7 20. Qh4 Be6 21.
Qe1 d4 22. Qa5 b6 23. Qa3 Qf4 24. b4 c4 25. b5 g5 26. Qd6 Re8 27. Qa3 g4 28. Nh4
g3 29. Ng6 Qf2 0-1

[Event "AUTO-ADV-3055"]
[Site "http://www.queenalice.com/game.php?id=1249283"]
[Date "2014.1.18"]
[Round "1"]
[White "Joe_Boyd"]
[Black "Antero"]
[Result "0-1"]
[WhiteElo "1829"]
[BlackElo "1812"]

1. e4 e5 2. f4 d6 3. Nf3 Nc6 4. Bc4 h6 5. O-O Bg4 6. Qe1 Qd7 7. d3 Bxf3 8. Rxf3
Nf6 9. c3 Be7 10. b4 d5 11. exd5 Nxd5 12. fxe5 O-O-O 13. Rxf7 g5 14. d4 h5 15.
Bxg5 Rhf8 16. Rxf8 Rxf8 17. Bxe7 Ncxe7 18. a4 Kb8 19. a5 Qg4 20. Be2 Qe4 21. h3
Nf4 22. Qf2 Nxe2+ 0-1

[Event "AUTO-ADV-3060"]
[Site "http://www.queenalice.com/game.php?id=1250776"]
[Date "2014.1.24"]
[Round "1"]
[White "Joe_Boyd"]
[Black "Nias"]
[Result "1-0"]
[WhiteElo "1848"]
[BlackElo "1657"]

1. e4 e5 2. f4 Qf6 3. Nc3 Qxf4 4. d3 Qf6 5. Nf3 h6 6. Be2 g5 7. O-O Qg6 8. Nxe5
Qb6+ 9. d4 Rh7 10. Bh5 Qe6 11. Bxf7+ 1-0

[Event "AUTO-ADV-3060"]
[Site "http://www.queenalice.com/game.php?id=1250791"]
[Date "2014.1.24"]
[Round "1"]
[White "gomague"]
[Black "Joe_Boyd"]
[Result "0-1"]
[WhiteElo "1866"]
[BlackElo "1822"]

1. e4 e6 2. d4 d5 3. exd5 exd5 4. Nf3 Bd6 5. Nc3 Ne7 6. Bg5 c6 7. Bxe7 Qxe7+ 8.
Qe2 O-O 9. O-O-O Bf5 10. Qxe7 Bxe7 11. Bd3 Bg4 12. Be2 Nd7 13. h3 Bf5 14. Bd3
Bxd3 15. Rxd3 b5 16. a3 a5 17. a4 bxa4 18. Nxa4 Ra6 19. Re1 Bd6 20. Rde3 Bf4 21.
c3 Rb8 22. Kc2 Bxe3 23. fxe3 Rb5 24. e4 f6 25. e5 Kf8 26. exf6 Nxf6 27. Re6 Ne4
28. Ne5 Ra7 29. Rxc6 Nf6 30. c4 dxc4 31. Rxc4 Nd5 32. Ng6+ hxg6 33. Rc8+ Kf7 0-1

[Event "AUTO-ADV-3060"]
[Site "http://www.queenalice.com/game.php?id=1250792"]
[Date "2014.1.24"]
[Round "1"]
[White "Joe_Boyd"]
[Black "gomague"]
[Result "0-1"]
[WhiteElo "1838"]
[BlackElo "1912"]

1. e4 e5 2. f4 exf4 3. Nf3 Nc6 4. Bc4 g5 5. O-O g4 6. Ne1 Qf6 7. d3 Bh6 8. Qxg4
d5 9. Bxd5 Bxg4 10. Bxc6+ bxc6 11. Nc3 Ne7 12. Rf2 Qd6 13. Nf3 Bxf3 14. Rxf3 f5
15. Bxf4 Bxf4 0-1

[Event "AUTO-ADV-3060"]
[Site "http://www.queenalice.com/game.php?id=1250801"]
[Date "2014.1.24"]
[Round "1"]
[White "DURIN09"]
[Black "Joe_Boyd"]
[Result "1-0"]
[WhiteElo "1867"]
[BlackElo "1837"]

1. d4 e6 2. Nf3 Nf6 3. e3 c5 4. c3 Nc6 5. Bd3 Be7 6. O-O O-O 7. Nbd2 cxd4 8.
exd4 b6 9. Re1 Bb7 10. Qc2 h6 11. Nc4 Qc7 12. Bd2 Nd8 13. Qd1 Ng4 14. h3 Bxf3
15. Qxf3 Nf6 16. Ne3 Nb7 17. Ng4 Nd6 18. Bxh6 Nxg4 19. Qxg4 Bf6 20. Re3 g6 21.
Bxg6 1-0

[Event "AUTO-ADV-3060"]
[Site "http://www.queenalice.com/game.php?id=1250802"]
[Date "2014.1.24"]
[Round "1"]
[White "Joe_Boyd"]
[Black "DURIN09"]
[Result "0-1"]
[WhiteElo "1824"]
[BlackElo "1960"]

1. e4 d6 2. d4 g6 3. Bc4 Nd7 4. Qf3 Ngf6 5. Nc3 Bg7 6. Nge2 O-O 7. O-O c5 8. Be3
cxd4 9. Nxd4 Ne5 10. Qe2 Nxc4 11. Qxc4 Ng4 12. Rae1 Nxe3 13. Rxe3 Bd7 14. f4 Qb6
15. Rd1 Bc6 16. Red3 e5 17. Nd5 Bxd5 18. Qxd5 exd4 19. b3 Rac8 20. Rf1 Rc5 0-1

[Event "AUTO-ADV-3104"]
[Site "http://www.queenalice.com/game.php?id=1266224"]
[Date "2014.3.19"]
[Round "1"]
[White "Ninho"]
[Black "Joe_Boyd"]
[Result "1-0"]
[WhiteElo "1932"]
[BlackElo "1769"]

1. e4 e6 2. d4 d5 3. Bd3 c5 4. exd5 Qxd5 5. Nf3 Nc6 6. Nc3 Qd8 7. dxc5 Bxc5 8.
O-O Nge7 9. a3 O-O 10. Bg5 a6 11. Ne4 Qb6 12. b4 Bd4 13. c3 Bf6 14. Bxf6 gxf6
15. Nxf6+ Kh8 16. Nxh7 Rg8 17. Nfg5 1-0

[Event "AUTO-ADV-3104"]
[Site "http://www.queenalice.com/game.php?id=1266242"]
[Date "2014.3.19"]
[Round "1"]
[White "thw"]
[Black "Joe_Boyd"]
[Result "1-0"]
[WhiteElo "1820"]
[BlackElo "1798"]

1. e4 e6 2. d4 d5 3. exd5 exd5 4. Nf3 Bg4 5. Be2 Bd6 6. O-O Nf6 7. Re1 O-O 8. h3
Bh5 9. Bg5 Nbd7 10. c3 c6 11. Nbd2 Qc7 12. Qc2 Rae8 13. Bd3 Bg6 14. Bxg6 1-0

[Event "AUTO-ADV-3104"]
[Site "http://www.queenalice.com/game.php?id=1266243"]
[Date "2014.3.19"]
[Round "1"]
[White "Joe_Boyd"]
[Black "thw"]
[Result "0-1"]
[WhiteElo "1783"]
[BlackElo "1835"]

1. e4 c5 2. Nc3 Nc6 3. f4 e6 4. Nf3 Be7 5. Bc4 Nf6 6. O-O O-O 7. d3 a6 8. Be3 b5
9. Bb3 d5 10. Ne2 c4 11. dxc4 dxe4 12. Ne5 Nxe5 13. fxe5 bxc4 0-1